Engineering geomorphology : theory and practice /
Sábháilte in:
| Príomhchruthaitheoirí: | , , |
|---|---|
| Formáid: | Leictreonach Ríomhleabhar |
| Teanga: | Béarla |
| Foilsithe / Cruthaithe: |
Dunbeath, Scotland :
Whittles Publishing,
[2007]
|
| Ábhair: | |
| Rochtain ar líne: | An electronic book accessible through the World Wide Web; click to view |
| Clibeanna: |
Níl clibeanna ann, Bí ar an gcéad duine le clib a chur leis an taifead seo!
|
MARC
| LEADER | 00000nam a2200000 i 4500 | ||
|---|---|---|---|
| 001 | 0000186060 | ||
| 005 | 20171002065120.0 | ||
| 006 | m o d | ||
| 007 | cr cn||||||||| | ||
| 008 | 140829t20072007stkabcd ob 001 0 eng|d | ||
| 020 | |z 9781904445388 | ||
| 020 | |a 9781849950190 (e-book) | ||
| 035 | |a (CaPaEBR)ebr10904589 | ||
| 035 | |a (OCoLC)891395767 | ||
| 040 | |a CaPaEBR |b eng |e rda |e pn |c CaPaEBR | ||
| 050 | 1 | 4 | |a TA705 |b .F66 2007eb |
| 100 | 1 | |a Fookes, P. G., |e author. | |
| 245 | 1 | 0 | |a Engineering geomorphology : |b theory and practice / |c P.G. Fookes, Consulting Engineering Geologist and Distinguished Research Associate, Oxford University, UK, E.M. Lee, Consulting Engineering Geomorphologist, York, UK, and J.S. Griffiths, Professor of Engineering Geology and Geomorphology and Head of School of Earth, Ocean and Environmental Sciences, University of Plymouth, UK. |
| 264 | 1 | |a Dunbeath, Scotland : |b Whittles Publishing, |c [2007] | |
| 264 | 4 | |c ©2007 | |
| 300 | |a 1 online resource (311 pages) : |b illustrations, maps, portrait | ||
| 336 | |a text |2 rdacontent | ||
| 337 | |a computer |2 rdamedia | ||
| 338 | |a online resource |2 rdacarrier | ||
| 504 | |a Includes bibliographical references and index. | ||
| 588 | |a Description based on online resource; title from PDF title page (ebrary, viewed August 29, 2014). | ||
| 590 | |a Electronic reproduction. Palo Alto, Calif. : ebrary, 2014. Available via World Wide Web. Access may be limited to ebrary affiliated libraries. | ||
| 650 | 0 | |a Engineering geology. | |
| 650 | 0 | |a Geomorphology. | |
| 655 | 0 | |a Electronic books. | |
| 700 | 1 | |a Lee, E. M., |e author. | |
| 700 | 1 | |a Griffiths, J. S., |e author. | |
| 797 | 2 | |a ebrary. | |
| 856 | 4 | 0 | |u http://site.ebrary.com/lib/daystar/Doc?id=10904589 |z An electronic book accessible through the World Wide Web; click to view |
| 908 | |a 170314 | ||
| 942 | 0 | 0 | |c EB |
| 999 | |c 175194 |d 175194 | ||